Effect of rice husk charcoal with different fertilizer on rice senpidor variety at agricultural development center in battambang province, (ប្សិទ្ធភាពធ្យូងអង្កាម និងប្រភេទជីផ្សេងៗលើពូជស្រូវសែនពិដោរ នៅរដូវប្រំាងនៅមជ្ឈមណ្ឌលអភិវឌ្ឍន៍កសិកម្មកំពីងពួយ ខេត្តបាត់ដំបង) (Record no. 1458)

000 -LEADER
fixed length control field 00850nam a22001337a 4500
040 ## - CATALOGING SOURCE
Transcribing agency RUA
082 ## - DEWEY DECIMAL CLASSIFICATION NUMBER
Classification number AGR BB ANN 2010 B061 Or.1
100 ## - MAIN ENTRY--AUTHOR NAME
Personal name ANN METH
245 ## - TITLE STATEMENT
Title Effect of rice husk charcoal with different fertilizer on rice senpidor variety at agricultural development center in battambang province, (ប្សិទ្ធភាពធ្យូងអង្កាម និងប្រភេទជីផ្សេងៗលើពូជស្រូវសែនពិដោរ នៅរដូវប្រំាងនៅមជ្ឈមណ្ឌលអភិវឌ្ឍន៍កសិកម្មកំពីងពួយ ខេត្តបាត់ដំបង)
260 ## - PUBLICATION, DISTRIBUTION, ETC. (IMPRINT)
Place of publication phnom penh
Name of publisher RUA
Year of publication 2010
300 ## - PHYSICAL DESCRIPTION
Number of Pages xiv, 75p.
Other physical details ill.
Dimensions 29cm.
856 ## - ELECTRONIC LOCATION AND ACCESS
Uniform Resource Identifier https://drive.google.com/file/d/1u22--AYj1-YIFz-RTOQPy2BgUlP8yWxh/view?usp=sharing
942 ## - ADDED ENTRY ELEMENTS (KOHA)
Koha item type AGR
952 ## - LOCATION AND ITEM INFORMATION (KOHA)
Withdrawn status [LOCAL, KOHA] 0
952 ## - LOCATION AND ITEM INFORMATION (KOHA)
Withdrawn status [LOCAL, KOHA] 0
952 ## - LOCATION AND ITEM INFORMATION (KOHA)
Withdrawn status [LOCAL, KOHA] 0
952 ## - LOCATION AND ITEM INFORMATION (KOHA)
Withdrawn status [LOCAL, KOHA] 0
952 ## - LOCATION AND ITEM INFORMATION (KOHA)
Withdrawn status [LOCAL, KOHA] 0
952 ## - LOCATION AND ITEM INFORMATION (KOHA)
Withdrawn status [LOCAL, KOHA] 0
952 ## - LOCATION AND ITEM INFORMATION (KOHA)
Withdrawn status [LOCAL, KOHA] 0
Holdings
Permanent Location Date acquired Koha item type Lost status Shelving location Barcode Current Location Full call number
Library Block B2015-09-29AGR B061RUA009755Library Block BAGR BB ANN 2010 B061 Or.1
Library Block B2015-09-29AGR B061RUA009978Library Block BAGR BB ANN 2010 B061 Or.2
Library Block B2015-09-29AGR B061RUA004340Library Block BAGR BB ANN 2010 B061 Or.3
Library Block B2015-09-29AGR B061RUA004412Library Block BAGR BB ANN 2010 B061 Or.4
Library Block B2015-09-29AGR B061RUA009425Library Block BAGR BB ANN 2010 B061 Or.5
Library Block B2015-09-29AGR B061RUA004196Library Block BAGR BB ANN 2010 B061 Or.6
Library Block B2015-09-29AGR B061RUA004124Library Block BAGR BB ANN 2010 B061 Or.7
មជ្ឈមណ្ឌលឯការនៃសាកលវិទ្យាល័យភូមិន្ទកសិកម្មចំការដូង

Powered by Koha